00685nam a22001697a 4500008004100000020001500041050001700056100002000073245006900093260003800162300003000200500002000230505015400250650002900404650003800433650004400471111207t xxu||||| |||| 00| 0 eng d a0135622727 aHB74.M3 B387 aBenavie, Arthur aMathematical techniques for economics analysis /cArthur Benavie aNew York:bPrentice Hall,cc1972. axii, 287 p.:bill,c24cm. aIncludes index. aContents: Comparative static analysis -- Optimization theory -- Techniques for dynamic economic models -- Stability theory -- Optimal control theory. aEconomics, mathematical. aEconomics xMathematical models.  aStatics and dynamics (Social sciences)